<?xml version="1.0" encoding="UTF-8"?>
<record
    xmlns:xsi="http://www.w3.org/2001/XMLSchema-instance"
    xsi:schemaLocation="http://www.loc.gov/MARC21/slim http://www.loc.gov/standards/marcxml/schema/MARC21slim.xsd"
    xmlns="http://www.loc.gov/MARC21/slim">

  <leader>01332nam a2200337 a 4500</leader>
  <controlfield tag="001">000015009</controlfield>
  <controlfield tag="003">DO-SdBNP</controlfield>
  <controlfield tag="005">20240315194914.0</controlfield>
  <controlfield tag="007">ta</controlfield>
  <controlfield tag="008">100129s2008    dr c          001 0 spa d</controlfield>
  <datafield tag="020" ind1=" " ind2=" ">
    <subfield code="a">9789993458654</subfield>
  </datafield>
  <datafield tag="040" ind1=" " ind2=" ">
    <subfield code="a">DO-SdBNP</subfield>
    <subfield code="b">spa</subfield>
    <subfield code="c">BNPHU</subfield>
  </datafield>
  <datafield tag="082" ind1=" " ind2=" ">
    <subfield code="a">338.9519</subfield>
    <subfield code="b">G182r</subfield>
    <subfield code="2">22</subfield>
  </datafield>
  <datafield tag="100" ind1="1" ind2=" ">
    <subfield code="a">Galv&#xE1;n, H&#xE9;ctor</subfield>
    <subfield code="9">33971</subfield>
  </datafield>
  <datafield tag="245" ind1="1" ind2="3">
    <subfield code="a">El rostro de la esperanza :</subfield>
    <subfield code="b">el milagro de Corea del Sur visto por un diplom&#xE1;tico dominicano /</subfield>
    <subfield code="c">H&#xE9;ctor Galv&#xE1;n ; presentaci&#xF3;n Juan Tem&#xED;stocles Mont&#xE1;s, edici&#xF3;n Jos&#xE9; Rafael Sosa.</subfield>
  </datafield>
  <datafield tag="260" ind1=" " ind2=" ">
    <subfield code="a">Santo Domingo :</subfield>
    <subfield code="b">Editora Centenario,</subfield>
    <subfield code="c">2008.</subfield>
  </datafield>
  <datafield tag="300" ind1=" " ind2=" ">
    <subfield code="a">168 p. :</subfield>
    <subfield code="b">retrs. ;</subfield>
    <subfield code="c">23 cm.</subfield>
  </datafield>
  <datafield tag="500" ind1=" " ind2=" ">
    <subfield code="a">Incluye datos biogr&#xE1;ficos del autor en la solapa de la cubierta.</subfield>
  </datafield>
  <datafield tag="504" ind1=" " ind2=" ">
    <subfield code="a">Incluye referencias bibliogr&#xE1;ficas (p.167-168).</subfield>
  </datafield>
  <datafield tag="590" ind1=" " ind2=" ">
    <subfield code="a">Inventariado, 2023 / DG</subfield>
  </datafield>
  <datafield tag="651" ind1=" " ind2="4">
    <subfield code="a">Corea Del Sur</subfield>
    <subfield code="x">Pol&#xED;tica Econ&#xF3;mica</subfield>
    <subfield code="9">33972</subfield>
  </datafield>
  <datafield tag="651" ind1=" " ind2="4">
    <subfield code="a">Corea Del Sur</subfield>
    <subfield code="x">Desarrollo Econ&#xF3;mica</subfield>
    <subfield code="9">33973</subfield>
  </datafield>
  <datafield tag="651" ind1=" " ind2="4">
    <subfield code="a">Corea Del Sur</subfield>
    <subfield code="x">Condiciones Econ&#xF3;micas</subfield>
    <subfield code="9">3757</subfield>
  </datafield>
  <datafield tag="651" ind1=" " ind2="4">
    <subfield code="a">Corea Del Sur</subfield>
    <subfield code="x">Condiciones Sociales</subfield>
    <subfield code="9">33974</subfield>
  </datafield>
  <datafield tag="651" ind1=" " ind2="4">
    <subfield code="a">Corea Del Sur</subfield>
    <subfield code="x">Desarrollo Agricola</subfield>
    <subfield code="9">33975</subfield>
  </datafield>
  <datafield tag="651" ind1=" " ind2="4">
    <subfield code="a">Corea Del Sur</subfield>
    <subfield code="x">Desarrollo Educativo</subfield>
    <subfield code="9">33976</subfield>
  </datafield>
  <datafield tag="700" ind1="1" ind2=" ">
    <subfield code="a">Mont&#xE1;s, Juan Tem&#xED;stocles </subfield>
    <subfield code="d">1950-</subfield>
    <subfield code="9">79676</subfield>
  </datafield>
  <datafield tag="700" ind1="1" ind2=" ">
    <subfield code="a">Sosa, Jos&#xE9; Rafael,</subfield>
    <subfield code="e">ed.</subfield>
    <subfield code="9">64</subfield>
  </datafield>
  <datafield tag="910" ind1=" " ind2=" ">
    <subfield code="a">DG</subfield>
  </datafield>
  <datafield tag="942" ind1=" " ind2=" ">
    <subfield code="2">ddc</subfield>
    <subfield code="c">LBS1</subfield>
  </datafield>
  <datafield tag="952" ind1=" " ind2=" ">
    <subfield code="0">0</subfield>
    <subfield code="1">0</subfield>
    <subfield code="7">1</subfield>
    <subfield code="8">PD</subfield>
    <subfield code="a">PD</subfield>
    <subfield code="b">PD</subfield>
    <subfield code="c">CT</subfield>
    <subfield code="d">2010-01-29</subfield>
    <subfield code="i">LF1</subfield>
    <subfield code="l">0</subfield>
    <subfield code="o">338.9519 G182r</subfield>
    <subfield code="p">15009-10</subfield>
    <subfield code="r">2020-06-25</subfield>
    <subfield code="w">2020-06-25</subfield>
    <subfield code="y">LFPD</subfield>
    <subfield code="Z">No se presta</subfield>
  </datafield>
  <datafield tag="952" ind1=" " ind2=" ">
    <subfield code="0">0</subfield>
    <subfield code="1">0</subfield>
    <subfield code="7">1</subfield>
    <subfield code="8">PD</subfield>
    <subfield code="a">PD</subfield>
    <subfield code="b">PD</subfield>
    <subfield code="c">CT</subfield>
    <subfield code="d">2010-01-29</subfield>
    <subfield code="i">LF1</subfield>
    <subfield code="l">0</subfield>
    <subfield code="o">338.9519 G182r</subfield>
    <subfield code="p">15009-20</subfield>
    <subfield code="r">2020-06-25</subfield>
    <subfield code="t">e. 2</subfield>
    <subfield code="w">2020-06-25</subfield>
    <subfield code="y">LFPD</subfield>
    <subfield code="Z">No se presta</subfield>
  </datafield>
  <datafield tag="952" ind1=" " ind2=" ">
    <subfield code="0">0</subfield>
    <subfield code="1">0</subfield>
    <subfield code="2">ddc</subfield>
    <subfield code="5">6</subfield>
    <subfield code="7">0</subfield>
    <subfield code="8">DS</subfield>
    <subfield code="a">BNPHU</subfield>
    <subfield code="b">BNPHU</subfield>
    <subfield code="c">CT</subfield>
    <subfield code="d">2023-03-02</subfield>
    <subfield code="e">donado por CERTV</subfield>
    <subfield code="l">0</subfield>
    <subfield code="o">BNPHU DS 338.9519 G182r</subfield>
    <subfield code="p">2023-1126</subfield>
    <subfield code="r">2023-03-02</subfield>
    <subfield code="t">e.3</subfield>
    <subfield code="w">2023-03-02</subfield>
    <subfield code="y">LBS1</subfield>
  </datafield>
  <datafield tag="999" ind1=" " ind2=" ">
    <subfield code="c">14582</subfield>
    <subfield code="d">14582</subfield>
  </datafield>
</record>
